00422nam a2200169Ia 4500003000400000005001700004008004100021020001500062050002700077100001700104245004200121260003500163300003300198440000600231521000700237526000800244OSt20140507094357.0140130s9999 xx 000 0 und d a0516420674 aPZ 8.3b.Sn673Eat 1985 aSnow, Pegeen cPegeen SnowaEat your peas, louise! / bScholastic,c1985.aNew York : a40 p. :bcol. ill. ;c19 cm. v1 aG1 c150